| 000 | 01058nam a22001817a 4500 | ||
|---|---|---|---|
| 999 |
_c62621 _d62621 |
||
| 003 | Ge_BSU | ||
| 005 | 20241219145121.0 | ||
| 008 | 241219s1966 ge ||||| |||| 00| 0 geo d | ||
| 041 | _ageo | ||
| 080 | _a612.821.2 : 159.953 ქ-63 | ||
| 100 |
_aქომეთიანი, პეტრე _924010 |
||
| 245 |
_aმეხსიერების ბიოქიმიური მექანიზმების შესახებ / _cპეტრე ქომეთიანი, ნუგზარ ალექსიძე ; საქ. სსრ მეცნ. აკად., ფიზიოლოგიის ინ-ტი. |
||
| 264 |
_aთბილისი : _bმეცნიერება, _c1966. |
||
| 300 |
_a79 გვ. : _bილ. ; _c21 სმ. |
||
| 700 |
_aალექსიძე, ნუგზარ _eავტორი _92610 |
||
| 710 |
_aსაქართველოს სსრ მეცნიერებათა აკადემია. _bფიზიოლოგიის ინსტიტუტი _924011 |
||
| 942 |
_2udc _cBK |
||